00473nam a2200169Ia 4500008004100000020001400041050002800055100001600083245005000099260004100149300002400190521000700214526000800221650001800229650002800247650002800275140306s9999 xx 000 0 und d a590430122 aPZ 10.3 b.L6465Al 1989 aLionni, Leo aAlexander and the wind-up mouse /cLeo Lionni aNew York :bScholastic Inc.,cc1989. bcol. Ill. ;c22 cm. aG2 c490 aMicexFiction aMicexJuvenile fiction. aToysxJuvenile fiction.